000 00721nam a2200253 i 4500
001 C2-0275298
003 PPAK
005 20180728004127.0
008 061016s2002 nyua|||| ||||| | eng d
020 _a0786853808
040 _aPPAK
_beng
_cPPAK
_erda
082 0 4 _a384.806579494
_223
090 0 0 _a384.806579494
_bSMI
_dRLCK
100 1 _aSmith, Dave,
_eauthor
245 1 0 _aDisney: the first 100 years
264 1 _aNew York :
_bDisney Enterprises ,
_c2002
300 _aviii, 214 pages :
_bcolour illustrations ;
_c28 cm
336 _2rdacontent
_atext
337 _2rdamedia
_aunmediated
338 _2rdacarrier
_avolume
650 1 0 _aWalt Disney - Company - History.
700 _eauthor
942 _ddc
_cB
999 _c82983
_d82983